| 000 | 01078nam a22003137a 4500 | ||
|---|---|---|---|
| 003 | CHAP | ||
| 005 | 20220329140448.0 | ||
| 008 | 971013s1981 r 00010 d | ||
| 010 | _a52322 | ||
| 011 | _a53294 | ||
| 035 | _a57444 | ||
| 040 | _cCHAP | ||
| 082 |
_a581.9095 _bP6 |
||
| 245 | _aPopulation and community dynamics in arid zone vegetation | ||
| 260 |
_aJerusalem : _bWeizman Science, _c1981 |
||
| 300 | _app. 131-251 | ||
| 500 | _aPub. dentro de: Israel Journal of Botany 28(3-4), 1979-80. | ||
| 590 |
_aBATCH-UPD _b10 _c20130110 _lUCH01 _h1932 |
||
| 590 |
_aBATCH-UPD _b10 _c20130410 _lUCH01 _h1256 |
||
| 590 |
_aBATCH-UPD _b10 _c20130914 _lUCH01 _h1154 |
||
| 590 |
_aCONVERSION _b10 _c20130109 _lUCH01 _h1328 |
||
| 650 | 1 | 4 |
_aDesiertos _xEcología. _932149 |
| 650 | 1 | 4 |
_aEcología vegetal. _935188 |
| 650 | 1 | 4 |
_aFlora desértica. _941326 |
| 901 | _aBK | ||
| 942 | _cLIBRO | ||
| 949 |
_a581.9095 P6 _bBC _cLIBRO _d33724000450409 _eLIBRO _h58392 _i57444 _mDirecto _si _t620.00 |
||
| 949 |
_a581.9095 P6 _bBC _cLIBRO _d33724000450417 _eLIBRO _fc.2 _h58393 _i57444 _mDirecto _si _t620.00 |
||
| 999 |
_c52322 _d52322 |
||